00428nam a2200157Ia 4500008004100000040001900041041001200060082002600072100001700098245004000115260002800155300001700183504003400200650001500234850002100249131103s9999 xx 000 0 und d aLoreto College aEnglish a370.15/BAWbLCBED/770 aBawa, Hari S aEducational psychologycHari S Bawa aSolanbKumarsonsc[19?] aV.1 c 22cm. aIncludes references and index aPsychology aLCBED/370.15/BAW